Music Quiz

Random Music or Clip Quiz

'90s Songs by First 10 Seconds Quiz Stats

Quiz Updated Aug 11, 2016

Challenge
Share
Tweet
Score 0/50 Timer 17:00
0 Plays Today
Clip Song % Correct
2:00Wannabe
82.8%
2:50Livin' la Vida Loca
82.2%
1:40My Heart Will Go On
81.9%
2:30...Baby One More Time
80.5%
7:00Macarena
80%
3:50Gangsta's Paradise
77.7%
5:30Blue (Da Ba Dee)
77.6%
1:00Don't Speak
75.4%
7:30Killing Me Softly
74.4%
5:40All Star
74%
7:50Jump Around
72.7%
6:40Losing My Religion
71.9%
4:50Man! I Feel Like a Woman!
71.5%
6:50All the Small Things
70.7%
6:00Good Vibrations
70.7%
3:10Enter Sandman
70%
1:50Come as You Are
69%
0:20Scar Tissue
68%
1:20Smooth
66.3%
3:20Buddy Holly
63.4%
0:30Tears in Heaven
63.3%
6:20Gettin' Jiggy wit It
62.4%
4:30Mr. Jones
59.5%
5:20When I Come Around
56.2%
0:40Sabotage
52.4%
Clip Song % Correct
7:20Praise You
49.9%
4:20Fly
49%
4:00Are You Gonna Go My Way
47.7%
4:40No Rain
47.6%
2:10Lump
44.3%
3:00You Are Not Alone
43.8%
2:40Self Esteem
40.6%
3:30Monkey Wrench
40.3%
6:10Freak on a Leash
39.5%
8:00Even Flow
39.5%
7:40Crazy
39.2%
1:30Firestarter
36.8%
1:10Sweet Dreams (Are Made of This)
36.6%
6:30What It's Like
33.7%
4:10Never Let You Go
28.3%
3:40Celebrity Skin
27.8%
0:50Plush
27.5%
5:10Break Stuff
27%
0:10Disarm
26.7%
0:00The Show Must Go On
25.5%
5:00To Be with You
25.3%
7:10Enjoy the Silence
23.4%
8:10Paranoid Android
22.2%
2:20December
18.1%
5:50Stellar
15.8%

You're not logged in!

Compare scores with friends on all Sporcle quizzes.
Join for Free
OR
Log In

You Might Also Like...

Show Comments

Extras

Top Quizzes Today


Score Distribution

Your Account Isn't Verified!

In order to create a playlist on Sporcle, you need to verify the email address you used during registration. Go to your Sporcle Settings to finish the process.

Report this User

Report this user for behavior that violates our Community Guidelines.

Details: